000 00630cam a22001935a 4500
001 L144717
008 080806s2008 xxko f 000 0 eng d
035 _a(Sirsi) u144717
041 0 _aeng
050 0 4 _a650.14 $2 18
245 0 0 _aWhy use a chartered planning and development surveyor?
260 _aLondon
_bRICS
_c2008
300 _a5p.
_bill.
_c21cm.
520 _aDiscusses the advantages of hiring a chartered planning and development surveyor, including a broad range of key skills and proven professional practice.
521 _aAdvanced
651 4 _aUnited Kingdom
_y
690 _aBUILT ENVIRONMENT
942 _n0
999 _c108598
_d108598